Las culturas estéticas de América Latina : reflexiones /
保存先:
| 第一著者: | |
|---|---|
| フォーマット: | 不明 |
| 言語: | Spanish |
| 出版事項: |
México :
Universidad Nacional Autónoma de México,
1994.
|
| 版: | 1. edición |
| 主題: | |
| タグ: |
タグ追加
タグなし, このレコードへの初めてのタグを付けませんか!
|
MARC
| LEADER | 000000000a22000000004500 | ||
|---|---|---|---|
| 001 | 004449 | ||
| 020 | |a 968363141X | ||
| 041 | 0 | |a spa | |
| 082 | 0 | 4 | |a 700.98 |b A185c |
| 100 | 1 | |a Acha, Juan | |
| 245 | 1 | 4 | |a Las culturas estéticas de América Latina : |b reflexiones / |c Juan Acha. |
| 250 | |a 1. edición | ||
| 260 | 1 | |a México : |b Universidad Nacional Autónoma de México, |c 1994. | |
| 300 | |a 232 páginas, [16] hojas de láminas : |b ilustraciones | ||
| 500 | |a Colección George Yúdice | ||
| 650 | 4 | |a ARTE Y SOCIEDAD | |
| 650 | 4 | |a AMERICA LATINA | |
| 650 | 4 | |a ARTE INDIGENA | |
| 650 | 4 | |a ESTETICA LATINOAMERICANA | |
| 650 | 4 | |a CULTURA | |
| 650 | 4 | |a AMERICA LATINA | |
| 999 | |c 10608 |d 10608 | ||
| 942 | |c BK |h 700.98 A185c |2 z | ||



